书目信息 |
| 题名: |
实证相对主义
|
|
| 作者: | 比格 , Bigge 著 ;金冬日 译 | |
| 分册: | ||
| 出版信息: | 上海 上海译文出版社 1980 |
|
| 页数: | 210页 | |
| 开本: | 19cm | |
| 丛书名: | ||
| 单 册: | ||
| 中图分类: | G40-02 , B712 | |
| 科图分类: | ||
| 主题词: | 教育哲学 , 哲学--美洲 | |
| 电子资源: | ||
| ISBN: | ||
| 000 | 00985nam0 2200313 45 | |
| 001 | 1531160367 | |
| 005 | 20150121083946.25 | |
| 010 | @dCNY0.56 | |
| 091 | @aCN@b2188.3 | |
| 100 | @a19950512d1980 em y0chiy0121 ea | |
| 101 | 1 | @achi@ceng |
| 102 | @aCN@b310000 | |
| 105 | @ay z 000yy | |
| 200 | 10 | @a实证相对主义@Ashi zheng xiang dui zhu yi@e一个崭新的教育哲学@f(美)比格(M.L. Bigge)著@g金冬日译 |
| 210 | @a上海@c上海译文出版社@d1980 | |
| 215 | @a210页@d19cm | |
| 300 | @a书名原文:The positive relativism-an emergent educational philosophy | |
| 510 | 1 | @aThe positive relativism-an emergent educational philosophy@zeng |
| 517 | 1 | @a一个崭新的教育哲学@Ayi ge zhan xin de jiao yu zhe xue |
| 606 | @a教育哲学 | |
| 606 | 0 | @a哲学@x美洲 |
| 690 | @aG40-02@v3 | |
| 690 | @aB712@v4 | |
| 701 | 1 | @a比格@Abi ge@bM.L.@4著 |
| 701 | A1 | @aBigge@bM.L.@4著 |
| 702 | 0 | @a金冬日@Ajin dong ri@4译 |
| 801 | 0 | @aCN@bTSSF@c20150121 |
| 801 | 2 | @aCN@bNLC |
| 905 | @aZUCC@dB712@eJY26 | |
| 实证相对主义:一个崭新的教育哲学/(美)比格(M.L. Bigge)著/金冬日译.-上海:上海译文出版社,1980 |
| 210页;19cm |
| 书名原文:The positive relativism-an emergent educational philosophy |
| ISBN :CNY0.56 |
| ● |
| 相关链接 |
|
|
|
|
正题名:实证相对主义
索取号:B712/JY26
 
预约/预借
| 序号 | 登录号 | 条形码 | 馆藏地/架位号 | 状态 | 备注 |
| 1 | 7836502 | 278365029 | 学院路分馆/ [索取号:B712/JY26] | 在馆 |